| 000 | 00596cam a22002415i 4500 | ||
|---|---|---|---|
| 001 | 18370328 | ||
| 005 | 20180828041853.0 | ||
| 008 | 141107s2014 iau 000 0 eng | ||
| 010 | _a 2014956470 | ||
| 020 | _a9780078025754 (alk. paper) | ||
| 040 |
_aDLC _beng _erda _cDLC |
||
| 041 | _aeng | ||
| 042 | _apcc | ||
| 080 | _a330.722.6 | ||
| 082 | _2330.722.6 | ||
| 100 | 1 | _a62 | |
| 101 | _aKF | ||
| 245 | 1 | 0 |
_aFinancial accounting fundamentals / _cJohn J. Wild. |
| 263 | _a1411 | ||
| 906 |
_a0 _bibc _corignew _d2 _eepcn _f20 _gy-gencatlg |
||
| 942 |
_2ddc _cBK |
||
| 999 |
_c47359 _d47359 |
||